000 003060000a22001450004500
003 MACL
040 _aMACL
090 _c32871
_d32869
100 _aCesari, Cesile
245 _aMastering Psychplogical Tests
260 _bInfinity Books
350 _a95
650 _aPsychology
942 _cBOOK
_k150/CES
999 _c32534
_d32534